3. Stabbing in the Dark - Ice Nine Kills (Lyrics) - Statistics

General Stats
  • This quiz has been taken 11 times
  • The average score is 106 of 366
Answer Stats
Answer % Correct
calculated
89%
In
89%
silence
89%
the
89%
by
78%
Captivated
78%
violence
78%
I
67%
a
56%
A
56%
an
56%
I
56%
the
56%
the
56%
the
56%
the
56%
The
56%
A
44%
ago
44%
are
44%
battlefield
44%
Behind
44%
bring
44%
can't
44%
dark
44%
devil's
44%
devil's
44%
devil's
44%
doctor
44%
evil
44%
evolution
44%
eyes
44%
eyes
44%
Fall
44%
fate
44%
feeble
44%
fifteen
44%
former
44%
Go!
44%
hands
44%
hate
44%
home
44%
hour
44%
I
44%
I
44%
in
44%
institution
44%
its
44%
kids
44%
knees
44%
mask
44%
midnight
44%
my
44%
Now
44%
of
44%
of
44%
of
44%
Oh,
44%
Oh,
44%
on
44%
perfection
44%
portrait
44%
power
44%
see?
44%
stabbing
44%
Stabbing
44%
That
44%
the
44%
the
44%
the
44%
the
44%
the
44%
the
44%
the
44%
the
44%
These
44%
this
44%
to
44%
today
44%
when
44%
Will
44%
years
44%
you
44%
Your
44%
a
33%
a
33%
a
33%
after
33%
after
33%
after
33%
after
33%
after
33%
at
33%
Behind
33%
certainty
33%
dark
33%
dark
33%
day
33%
day
33%
Day
33%
day
33%
devil's
33%
don
33%
don
33%
every
33%
Fall
33%
fate
33%
feels
33%
hands
33%
hate
33%
hour
33%
I
33%
I
33%
I
33%
If
33%
I'll
33%
in
33%
in
33%
it
33%
its
33%
kill
33%
leave
33%
Let
33%
life
33%
life
33%
life
33%
like
33%
make
33%
mark
33%
mask
33%
midnight
33%
of
33%
of
33%
of
33%
on
33%
Painted
33%
plight
33%
power
33%
replay
33%
safety
33%
shadows
33%
stabbing
33%
Stabbing
33%
strike
33%
Taking
33%
the
33%
the
33%
the
33%
the
33%
the
33%
the
33%
the
33%
the
33%
the
33%
the
33%
the
33%
the
33%
The
33%
the
33%
there's
33%
this
33%
tonight
33%
top
33%
When
33%
with
33%
without
33%
won't
33%
you
33%
above
22%
All
22%
all
22%
am
22%
and
22%
armed
22%
as
22%
Ave.
22%
been
22%
Behind
22%
blood's
22%
carved
22%
cast
22%
certainty
22%
change
22%
crop
22%
cut
22%
dangerous.
22%
devil's
22%
don
22%
extremely
22%
face
22%
Fall
22%
fatalities
22%
fate
22%
fears
22%
feels
22%
festival
22%
flesh
22%
From
22%
Grove
22%
Haddonfield's
22%
Halloween
22%
hands
22%
harvest
22%
has
22%
hate
22%
haunt
22%
He
22%
heartless
22%
hour
22%
human
22%
I
22%
identified
22%
If
22%
I'll
22%
in
22%
in
22%
is
22%
its
22%
I've
22%
kill.
22%
kill,
22%
Knife
22%
knife
22%
Knife
22%
knife
22%
knife
22%
learn
22%
leave
22%
Let
22%
life
22%
life
22%
light
22%
like
22%
madness
22%
mark
22%
mask
22%
Michael
22%
midnight
22%
Multiple
22%
of
22%
of
22%
of
22%
of
22%
of
22%
of
22%
of
22%
of
22%
on
22%
on
22%
on
22%
once
22%
one
22%
Orange
22%
over.
22%
power
22%
quite
22%
reason
22%
repeat,
22%
reported
22%
respond.
22%
rest
22%
safety
22%
scene
22%
Scream
22%
shadow
22%
shadows
22%
Shoot
22%
shoot
22%
signs
22%
silent
22%
stabbing
22%
Stabbing
22%
Strangling
22%
Suspect
22%
than
22%
the
22%
the
22%
the
22%
the
22%
the
22%
the
22%
the
22%
there
22%
there's
22%
thicker
22%
this
22%
this
22%
this
22%
to
22%
to
22%
units
22%
up
22%
veneer
22%
void
22%
was
22%
water
22%
When
22%
Where
22%
Where
22%
where
22%
white
22%
With
22%
With
22%
worst
22%
You'll
22%
your
22%
Behind
11%
boogeyman
11%
can't
11%
certainty
11%
choice
11%
devil's
11%
don
11%
down
11%
either
11%
Fall
11%
fate
11%
Feeds
11%
feels
11%
f***ing
11%
hands
11%
hate
11%
hour
11%
If
11%
in
11%
is
11%
It's
11%
its
11%
kid
11%
kill
11%
knife
11%
knife
11%
leave
11%
Let
11%
life
11%
like
11%
mark
11%
mask
11%
midnight
11%
Myers.
11%
of
11%
of
11%
of
11%
on
11%
or
11%
power
11%
r'
11%
safety
11%
shadows
11%
some
11%
Stalking
11%
street
11%
there's
11%
this
11%
treat?
11%
Trick
11%
When
11%
Where
11%
You
11%
you
11%
yours
11%
Ahhhhhh!
0%
it!
0%
Michael!
0%
Stop
0%
Where
0%
No matching quizzes found
Score Distribution
Percent of People with Each Score
Percentile by Number Answered
Your Score History
You have not taken this quiz